[Event "Chicago Clark Street Capital op"]
[Site "Chicago"]
[Date "2017.04.16"]
[Round "9"]
[White "Grabinsky, Aaron"]
[Black "Chow, Albert"]
[Result "1-0"]
[WhiteElo "2345"]
[BlackElo "2152"]
[PlyCount "105"]
[EventDate "2017.04.12"]
[EventType "swiss"]
[EventRounds "9"]
[EventCountry "USA"]
[SourceTitle "CBM 177 Extra"]
[Source "ChessBase"]
[SourceDate "2017.04.27"]
[SourceVersion "1"]
[SourceVersionDate "2017.04.27"]
[SourceQuality "1"]

1. d4 d5 2. Nf3 Nf6 3. Bf4 c5 4. e3 Nc6 5. Nbd2 cxd4 6. exd4 Bf5 7. c3 e6 8. Qb3 Qc8 9. Nh4 Bg6 10. Nxg6 hxg6 11. Bd3 Be7 12. 0-0 0-0 13. a4 b6 14. Nf3 Rd8 15. Rfe1 Bd6 16. Bxd6 Rxd6 17. Qc2 Rd8 18. Ng5 Ne7 19. Qd2 Qc7 20. Qe3 Nf5 21. Qd2 a6 22. Nf3 Ra7 23. Qe2 Rda8 24. Ne5 Qb7 25. g4 Nd6 26. g5 Nd7 27. Qg4 Nxe5 28. dxe5 Nf5 29. Bxf5 gxf5 30. Qh4 Rc8 31. Re3 Rc4 32. f4 Kf8 33. Qh8+ Ke7 34. Qxg7 Rxf4 35. Qf6+ Ke8 36. Rh3 Rg4+ 37. Kf1 Qe7 38. Rh8+ Kd7 39. h4 Qxf6 40. exf6 Rc7 41. Rd1 Kd6 42. Rd4 Ke5 43. Rxg4 fxg4 44. Re8 d4 45. Re7 dxc3 46. bxc3 Rxc3 47. Rxf7 Kf4 48. Rd7 Kf3 49. Rd1 Kg3 50. h5 Rc5 51. h6 Rxg5 52. h7 Rh5 53. f7 1-0

[Event "Chicago Clark Street Capital op"]
[Site "Chicago"]
[Date "2017.04.13"]
[Round "2"]
[White "Chow, Albert"]
[Black "Vorontsov, Pavlo"]
[Result "0-1"]
[WhiteElo "2152"]
[BlackElo "2499"]
[PlyCount "56"]
[EventDate "2017.04.12"]
[EventType "swiss"]
[EventRounds "9"]
[EventCountry "USA"]
[SourceTitle "CBM 177 Extra"]
[Source "ChessBase"]
[SourceDate "2017.04.27"]
[SourceVersion "1"]
[SourceVersionDate "2017.04.27"]
[SourceQuality "1"]

1. d4 Nf6 2. Nf3 g6 3. c4 Bg7 4. Nc3 d5 5. Qb3 dxc4 6. Qxc4 0-0 7. e4 Bg4 8. Be3 Nfd7 9. Rd1 Nb6 10. Qc5 e6 11. Be2 N8d7 12. Qa3 a5 13. Qb3 a4 14. Qc2 a3 15. b3 Qe7 16. 0-0 Rfc8 17. h3 Bxf3 18. Bxf3 c5 19. dxc5 Rxc5 20. Bxc5 Qxc5 21. Rd3 Ne5 22. Re3 Bh6 23. Rfe1 Rc8 24. Qd1 Qb4 25. Nb1 Bxe3 26. Rxe3 Nbd7 27. Be2 Nf6 28. f4 Qc5 0-1

[Event "Chicago op 19th"]
[Site "Wheeling"]
[Date "2010.05.28"]
[Round "3"]
[White "Friedel, Joshua E"]
[Black "Chow, Albert"]
[Result "1-0"]
[WhiteElo "2528"]
[BlackElo "2253"]
[PlyCount "55"]
[EventDate "2010.05.27"]
[EventType "swiss"]
[EventRounds "9"]
[EventCountry "USA"]
[SourceTitle "CBM 136 Extra"]
[Source "ChessBase"]
[SourceDate "2010.07.02"]
[SourceVersion "2"]
[SourceVersionDate "2010.07.15"]
[SourceQuality "1"]

1. e4 e5 2. Nf3 Nf6 3. Nxe5 d6 4. Nf3 Nxe4 5. d4 d5 6. Bd3 Nc6 7. 0-0 Be7 8. Nc3 Bf5 9. Re1 Nxc3 10. bxc3 Bxd3 11. Qxd3 0-0 12. Bf4 Na5 13. Qf5 Nc4 14. Re2 c6 15. Rae1 Bd6 16. Ng5 g6 17. Qh3 h5 18. Qg3 Bxf4 19. Qxf4 Qd6 20. Qf3 Rad8 21. h4 Rd7 22. g4 hxg4 23. Qxg4 Rfd8 24. h5 Qf6 25. Re8+ Kg7 26. h6+ Kxh6 27. Qh4+ Kg7 28. Qh8# 1-0

[Event "Chicago North Am 12th"]
[Site "Chicago"]
[Date "2008.06.27"]
[Round "9"]
[White "Tate, Emory"]
[Black "Chow, Albert"]
[Result "1-0"]
[WhiteElo "2378"]
[BlackElo "2198"]
[PlyCount "49"]
[EventDate "2008.06.21"]
[EventType "tourn"]
[EventRounds "9"]
[EventCountry "USA"]
[EventCategory "3"]
[SourceTitle "CBM 125 Extra"]
[Source "ChessBase"]
[SourceDate "2008.09.01"]
[SourceVersion "1"]
[SourceVersionDate "2008.09.01"]
[SourceQuality "1"]

1. e4 c5 2. a3 g6 3. b4 Bg7 4. Ra2 d5 5. Bb5+ Nc6 6. f3 Nf6 7. e5 Nd7 8. f4 cxb4 9. Nf3 Qb6 10. Qe2 a6 11. Bxc6 bxc6 12. d4 c5 13. dxc5 Nxc5 14. Be3 Bg4 15. Nbd2 Qa5 16. 0-0 0-0 17. Qf2 Rac8 18. Qh4 Bxf3 19. Rxf3 f6 20. Rh3 Kf7 21. f5 gxf5 22. Nf3 Ne4 23. Qxh7 Rh8 24. e6+ Kxe6 25. Nd4+ 1-0

[Event "Chicago North Am 10th"]
[Site "Chicago"]
[Date "2008.04.23"]
[Round "7"]
[White "Young, Angelo"]
[Black "Chow, Albert"]
[Result "1/2-1/2"]
[WhiteElo "2381"]
[BlackElo "2198"]
[PlyCount "86"]
[EventDate "2008.04.19"]
[EventType "tourn"]
[EventRounds "9"]
[EventCountry "USA"]
[EventCategory "2"]
[SourceTitle "CBM 123 Extra"]
[Source "ChessBase"]
[SourceDate "2008.05.06"]
[SourceVersion "1"]
[SourceVersionDate "2008.05.06"]
[SourceQuality "1"]

1. e4 c6 2. d4 d5 3. e5 Bf5 4. Ne2 e6 5. Nf4 h6 6. Bd3 Ne7 7. 0-0 Nd7 8. Nc3 Bxd3 9. Qxd3 c5 10. Nb5 Nc8 11. Re1 Qb6 12. b3 a6 13. Nc3 Be7 14. Ncxd5 exd5 15. e6 Nf6 16. dxc5 Bxc5 17. exf7+ Kxf7 18. Qg6+ Kg8 19. Re6 Ne7 20. Qg3 Ne4 21. Rxb6 Nxg3 22. Rxb7 Ne4 23. Be3 d4 24. Bc1 Kf7 25. Nd3 Rab8 26. Rxb8 Rxb8 27. f3 Rc8 28. fxe4 Bd6 29. e5 Bb8 30. Bf4 Ke6 31. Rc1 g5 32. Bg3 Nd5 33. b4 Ba7 34. Be1 Ne3 35. Bf2 Nd5 36. c4 Nc3 37. Kf1 Rxc4 38. a3 a5 39. Nb2 Rc7 40. Nd1 axb4 41. axb4 Rf7 42. Ke1 Nxd1 43. Rxd1 Kxe5 1/2-1/2

[Event "Chicago North Am 10th"]
[Site "Chicago"]
[Date "2008.04.22"]
[Round "6"]
[White "Chow, Albert"]
[Black "Arjun, Vishnuvardhan"]
[Result "1/2-1/2"]
[WhiteElo "2198"]
[BlackElo "2373"]
[PlyCount "80"]
[EventDate "2008.04.19"]
[EventType "tourn"]
[EventRounds "9"]
[EventCountry "USA"]
[EventCategory "2"]
[SourceTitle "CBM 123 Extra"]
[Source "ChessBase"]
[SourceDate "2008.05.06"]
[SourceVersion "1"]
[SourceVersionDate "2008.05.06"]
[SourceQuality "1"]

1. Nf3 Nf6 2. c4 b6 3. g3 Bb7 4. Bg2 g6 5. d4 Bg7 6. 0-0 0-0 7. Nc3 Ne4 8. Nxe4 Bxe4 9. Be3 d5 10. Qa4 c6 11. Rac1 dxc4 12. Qxc4 Nd7 13. Rfd1 b5 14. Qb3 Bd5 15. Qd3 Qa5 16. a3 Rac8 17. Nd2 Qa4 18. Qc2 Nb6 19. Qxa4 Nxa4 20. Rc2 Rfd8 21. Bxd5 cxd5 22. Rdc1 Nb6 23. Nf3 Rxc2 24. Rxc2 Rc8 25. Rxc8+ Nxc8 26. Bd2 e6 27. Bb4 Bf8 28. Bxf8 Kxf8 29. Kf1 Nd6 30. Nd2 Nc4 31. Nxc4 bxc4 32. Ke1 Ke7 33. Kd2 Kd6 34. Kc3 Kc6 35. Kb4 Kb6 36. f3 a5+ 37. Kc3 Kb5 38. Kc2 f6 39. f4 h5 40. h3 f5 1/2-1/2

[Event "Chicago North Am 09th"]
[Site "Chicago"]
[Date "2008.03.28"]
[Round "9"]
[White "Chow, Albert"]
[Black "Tsyganov, Igor M"]
[Result "1/2-1/2"]
[WhiteElo "2208"]
[BlackElo "2260"]
[PlyCount "25"]
[EventDate "2008.03.22"]
[EventType "tourn"]
[EventRounds "9"]
[EventCountry "USA"]
[EventCategory "3"]
[SourceTitle "CBM 123 Extra"]
[Source "ChessBase"]
[SourceDate "2008.05.06"]
[SourceVersion "1"]
[SourceVersionDate "2008.05.06"]
[SourceQuality "1"]

1. d4 Nf6 2. c4 e6 3. Nf3 Bb4+ 4. Bd2 Qe7 5. g3 Nc6 6. Nc3 0-0 7. Bg2 Bxc3 8. Bxc3 Ne4 9. Rc1 d6 10. d5 Nxc3 11. Rxc3 Nd8 12. dxe6 Nxe6 13. 0-0 1/2-1/2

[Event "Chicago North Am 09th"]
[Site "Chicago"]
[Date "2008.03.23"]
[Round "4"]
[White "Amanov, Mesgen"]
[Black "Chow, Albert"]
[Result "1-0"]
[WhiteElo "2403"]
[BlackElo "2208"]
[PlyCount "125"]
[EventDate "2008.03.22"]
[EventType "tourn"]
[EventRounds "9"]
[EventCountry "USA"]
[EventCategory "3"]
[SourceTitle "CBM 123 Extra"]
[Source "ChessBase"]
[SourceDate "2008.05.06"]
[SourceVersion "1"]
[SourceVersionDate "2008.05.06"]
[SourceQuality "1"]

1. d4 Nf6 2. Nf3 e6 3. Bg5 c5 4. e3 Be7 5. Nbd2 b6 6. c3 Bb7 7. Bd3 0-0 8. e4 d5 9. e5 Ne4 10. Bxe7 Qxe7 11. 0-0 Nxd2 12. Qxd2 Ba6 13. Bxa6 Nxa6 14. Qe2 Nb8 15. Ne1 cxd4 16. cxd4 Nc6 17. Nc2 Rac8 18. f4 f6 19. exf6 Qxf6 20. Rad1 Ne7 21. Ne3 Qg6 22. g3 Rc6 23. Rd2 Rfc8 24. Re1 Rc1 25. Nd1 R8c6 26. Nc3 Rxe1+ 27. Qxe1 Qf6 28. Qd1 Rc4 29. Qh5 h6 30. Qe5 Nc6 31. Qxf6 gxf6 32. Ne2 Ne7 33. Kf2 h5 34. Ke3 Kf7 35. Kd3 Nf5 36. h3 Ke7 37. Rd1 Rc8 38. g4 hxg4 39. hxg4 Nd6 40. Rg1 Ne4 41. Rg2 Rh8 42. Kc2 Rc8+ 43. Kd3 Rh8 44. a3 Rh3+ 45. Kc2 Rh8 46. Kb3 a6 47. Kc2 Rc8+ 48. Kd3 Rh8 49. a4 a5 50. Ng1 Rg8 51. Ke3 Rc8 52. g5 Kf7 53. Nf3 Rc4 54. Nh4 Rxa4 55. g6+ Kg7 56. Rc2 Rb4 57. Rc7+ Kg8 58. f5 e5 59. dxe5 fxe5 60. f6 Rb3+ 61. Ke2 Rxb2+ 62. Kd3 Nxf6 63. Nf5 1-0

[Event "Chicago North Am 09th"]
[Site "Chicago"]
[Date "2008.03.22"]
[Round "1"]
[White "Coleman, Teddy"]
[Black "Chow, Albert"]
[Result "1/2-1/2"]
[WhiteElo "2244"]
[BlackElo "2208"]
[PlyCount "124"]
[EventDate "2008.03.22"]
[EventType "tourn"]
[EventRounds "9"]
[EventCountry "USA"]
[EventCategory "3"]
[SourceTitle "CBM 123 Extra"]
[Source "ChessBase"]
[SourceDate "2008.05.06"]
[SourceVersion "1"]
[SourceVersionDate "2008.05.06"]
[SourceQuality "1"]

1. d4 Nf6 2. c4 e6 3. Nc3 Bb4 4. f3 d5 5. a3 Bxc3+ 6. bxc3 c5 7. cxd5 Nxd5 8. dxc5 Qa5 9. e4 Nc7 10. Qd4 0-0 11. Qb4 Nc6 12. Qxa5 Nxa5 13. Rb1 e5 14. Ne2 Bd7 15. Nd4 exd4 16. cxd4 Rfc8 17. Bd2 Nc6 18. d5 Nd8 19. Bc4 a6 20. Be3 Bb5 21. Ba2 Bd3 22. Rb2 Kf8 23. a4 a5 24. Kd2 Ba6 25. e5 Rab8 26. Rb6 Na8 27. Rd6 h6 28. Bd4 Ke8 29. Re1 Rc7 30. Bb1 Rbc8 31. f4 Rxc5 32. Bxc5 Rxc5 33. e6 fxe6 34. dxe6 Rc7 35. Bf5 Nc6 36. Rd7 Ne7 37. Bg4 Rxd7+ 38. exd7+ Kd8 39. Re6 Bc4 40. Rd6 Bb3 41. f5 Ng8 42. Rg6 Bxa4 43. Rxg7 Nf6 44. Bf3 Bxd7 45. Rf7 Ne8 46. Bxb7 Nb6 47. Ba6 Nd6 48. Rf8+ Ke7 49. Rb8 Nd5 50. g4 h5 51. h3 hxg4 52. hxg4 a4 53. Bd3 Nf6 54. Rb4 Nf7 55. Bc2 a3 56. Kc1 Bc6 57. Kb1 Bf3 58. Bb3 Ng5 59. Ka2 Bxg4 60. Kxa3 Nge4 61. Be6 Nc5 62. Bc8 Kd8 1/2-1/2

[Event "Chicago North Am 06th"]
[Site "Chicago"]
[Date "2007.11.03"]
[Round "8"]
[White "Young, Angelo"]
[Black "Chow, Albert"]
[Result "0-1"]
[WhiteElo "2376"]
[BlackElo "2214"]
[PlyCount "75"]
[EventDate "2007.10.06"]
[EventType "tourn"]
[EventRounds "9"]
[EventCountry "USA"]
[EventCategory "3"]
[SourceTitle "EXT 2008"]
[Source "ChessBase"]
[SourceDate "2007.11.25"]
[SourceVersion "1"]
[SourceVersionDate "2007.11.25"]
[SourceQuality "1"]

1. e4 c5 2. Nf3 d6 3. d4 cxd4 4. Nxd4 Nf6 5. Nc3 a6 6. Bg5 e6 7. Qf3 Nbd7 8. 0-0-0 Qc7 9. Qh3 Be7 10. f4 b5 11. Bd3 b4 12. Nce2 Bb7 13. Rhe1 Nxe4 14. Bxe4 Bxe4 15. Bxe7 Kxe7 16. Ng3 Bd5 17. Ndf5+ Kf8 18. Rxd5 exd5 19. Qg4 g6 20. Qg5 h5 21. Qe7+ Kg8 22. Nxd6 Rf8 23. Ne8 Qxf4+ 24. Kb1 h4 25. Nf1 Qf2 26. Rd1 Kh7 27. Nd6 Nc5 28. Ne3 Ne4 29. Nxe4 dxe4 30. Ng4 Qf4 31. h3 Kg7 32. Qxb4 Rd8 33. Qc3+ f6 34. Re1 Rhe8 35. b3 Re6 36. Qc4 Rde8 37. Rf1 Qd2 38. Qc8 0-1

[Event "Chicago North Am 06th"]
[Site "Chicago"]
[Date "2007.10.29"]
[Round "3"]
[White "Robson, Ray"]
[Black "Chow, Albert"]
[Result "1-0"]
[WhiteElo "2368"]
[BlackElo "2214"]
[PlyCount "55"]
[EventDate "2007.10.06"]
[EventType "tourn"]
[EventRounds "9"]
[EventCountry "USA"]
[EventCategory "3"]
[SourceTitle "EXT 2008"]
[Source "ChessBase"]
[SourceDate "2007.11.25"]
[SourceVersion "1"]
[SourceVersionDate "2007.11.25"]
[SourceQuality "1"]

1. e4 c5 2. Nf3 e6 3. d4 cxd4 4. Nxd4 a6 5. Bd3 Nf6 6. 0-0 Qc7 7. Qe2 d6 8. c4 g6 9. Nc3 Bg7 10. Nf3 Nc6 11. Bf4 Nd7 12. Rac1 0-0 13. Qe3 Nde5 14. Rfd1 Nxf3+ 15. Qxf3 Ne5 16. Qe3 Bd7 17. Be2 Bc6 18. Nd5 exd5 19. cxd5 Rfe8 20. b3 Qd7 21. dxc6 bxc6 22. Bg3 Rad8 23. h3 Qb7 24. f4 Bh6 25. Qf2 d5 26. fxe5 Bxc1 27. Rxc1 dxe4 28. Qe3 1-0

[Event "Chicago North Am 04th"]
[Site "Chicago"]
[Date "2007.??.??"]
[Round "6"]
[White "Chow, Albert"]
[Black "Kraai, Jesse"]
[Result "0-1"]
[WhiteElo "2215"]
[BlackElo "2455"]
[PlyCount "118"]
[EventDate "2007.??.??"]
[EventType "tourn"]
[EventRounds "9"]
[EventCountry "USA"]
[EventCategory "2"]
[SourceTitle "EXT 2010"]
[Source "ChessBase"]
[SourceDate "2010.11.25"]
[SourceVersion "1"]
[SourceVersionDate "2010.11.25"]
[SourceQuality "1"]

1. d4 e6 2. e4 d5 3. Nc3 Nf6 4. Bg5 dxe4 5. Nxe4 Be7 6. Bxf6 Bxf6 7. Nf3 Nd7 8. Qd2 0-0 9. 0-0-0 Be7 10. Qc3 Nf6 11. Nxf6+ Bxf6 12. Bd3 b6 13. Be4 Rb8 14. Ne5 Bb7 15. Qf3 Bxe4 16. Qxe4 Qd6 17. Nc6 Ra8 18. Kb1 Qd5 19. Rhe1 Rfe8 20. Rd3 a5 21. Rde3 Kf8 22. a4 Rec8 23. b3 Qxe4 24. Rxe4 Ke8 25. d5 Kd7 26. Ne5+ Bxe5 27. dxe6+ fxe6 28. Rxe5 Re8 29. f4 Re7 30. Kc1 Rf8 31. g3 Rf5 32. Kd2 Rxe5 33. Rxe5 Ke8 34. Kc3 Kf7 35. Re4 Kf6 36. Re5 Rd7 37. h3 Rd1 38. Re3 Rh1 39. h4 Rh2 40. Kd3 g6 41. c3 Kf5 42. Re5+ Kg4 43. Rxe6 Kxg3 44. Re7 Rxh4 45. Rxc7 Kxf4 46. Rc4+ Kg3 47. Rc6 g5 48. Rxb6 g4 49. b4 Kh2 50. bxa5 g3 51. c4 g2 52. Rb2 Rh5 53. Kc3 Rxa5 54. Kb4 Ra8 55. Ra2 Kh1 56. Ra1+ g1Q 57. Rxg1+ Kxg1 58. a5 h5 59. Kb5 h4 0-1

[Event "Chicago North Am 04th"]
[Site "Chicago"]
[Date "2007.??.??"]
[Round "1"]
[White "Chow, Albert"]
[Black "Shankar, Gauri"]
[Result "1/2-1/2"]
[WhiteElo "2215"]
[BlackElo "2130"]
[PlyCount "59"]
[EventDate "2007.??.??"]
[EventType "tourn"]
[EventRounds "9"]
[EventCountry "USA"]
[EventCategory "2"]
[SourceTitle "EXT 2010"]
[Source "ChessBase"]
[SourceDate "2010.11.25"]
[SourceVersion "1"]
[SourceVersionDate "2010.11.25"]
[SourceQuality "1"]

1. d4 Nf6 2. c4 e6 3. Nc3 Bb4 4. Qc2 0-0 5. Nf3 c5 6. dxc5 Bxc5 7. Bg5 Be7 8. e3 d6 9. Be2 a6 10. 0-0 b6 11. Rfd1 Bb7 12. Bxf6 Bxf6 13. Nd2 Qc7 14. Rac1 Nd7 15. Bd3 h6 16. Bh7+ Kh8 17. Be4 Nc5 18. Bxb7 Nxb7 19. b3 Rfd8 20. Nde4 Be7 21. Qe2 Rd7 22. h3 Rad8 23. Rc2 Nc5 24. Nxc5 bxc5 25. Qf3 Kg8 26. Rd3 Bf6 27. Ne4 Be5 28. Qd1 f5 29. Nc3 Bxc3 30. Rcxc3 1/2-1/2

[Event "Chicago North Am 04th"]
[Site "Chicago"]
[Date "2007.??.??"]
[Round "9"]
[White "Felecan, Florin"]
[Black "Chow, Albert"]
[Result "1/2-1/2"]
[WhiteElo "2365"]
[BlackElo "2215"]
[PlyCount "43"]
[EventDate "2007.??.??"]
[EventType "tourn"]
[EventRounds "9"]
[EventCountry "USA"]
[EventCategory "2"]
[SourceTitle "EXT 2010"]
[Source "ChessBase"]
[SourceDate "2010.11.25"]
[SourceVersion "1"]
[SourceVersionDate "2010.11.25"]
[SourceQuality "1"]

1. c4 Nf6 2. Nc3 e5 3. Nf3 Nc6 4. e3 Be7 5. d4 exd4 6. Nxd4 0-0 7. Be2 d5 8. Nxc6 bxc6 9. 0-0 Bd6 10. Bd2 dxc4 11. Bxc4 Rb8 12. b3 Ng4 13. h3 Nh2 14. Re1 Qh4 15. e4 Bxh3 16. gxh3 Qxh3 17. Re3 Nf3+ 18. Qxf3 Bh2+ 19. Kh1 Bg3+ 20. Kg1 Bh2+ 21. Kh1 Bg3+ 22. Kg1 1/2-1/2

[Event "Chicago North Am 04th"]
[Site "Chicago"]
[Date "2007.??.??"]
[Round "5"]
[White "Loncarevic, Robert"]
[Black "Chow, Albert"]
[Result "1/2-1/2"]
[WhiteElo "2085"]
[BlackElo "2215"]
[PlyCount "56"]
[EventDate "2007.??.??"]
[EventType "tourn"]
[EventRounds "9"]
[EventCountry "USA"]
[EventCategory "2"]
[SourceTitle "EXT 2010"]
[Source "ChessBase"]
[SourceDate "2010.11.25"]
[SourceVersion "1"]
[SourceVersionDate "2010.11.25"]
[SourceQuality "1"]

1. e4 e5 2. Nc3 Nf6 3. Nf3 Nc6 4. Bb5 Nd4 5. Nxd4 exd4 6. e5 dxc3 7. exf6 Qxf6 8. dxc3 Qe5+ 9. Qe2 Qxe2+ 10. Bxe2 d5 11. Bf4 c6 12. 0-0 Bf5 13. Bd3 Bxd3 14. cxd3 Kd7 15. Rfe1 Bd6 16. Bxd6 Kxd6 17. Re2 Rhe8 18. Rae1 Kd7 19. Rxe8 Rxe8 20. Rxe8 Kxe8 21. d4 Kd7 22. Kf1 Ke6 23. Ke2 Kf5 24. Kf3 Kg5 25. Kg3 Kf5 26. Kf3 Kg5 27. Kg3 Kf5 28. Kf3 Kg5 1/2-1/2

[Event "Schaumburg IM-C"]
[Site "Schaumburg"]
[Date "2006.04.19"]
[Round "3"]
[White "Chow, Albert"]
[Black "Karagianis, Pete"]
[Result "0-1"]
[WhiteElo "2220"]
[BlackElo "2226"]
[PlyCount "93"]
[EventDate "2006.04.18"]
[EventType "tourn"]
[EventRounds "9"]
[EventCountry "USA"]
[EventCategory "3"]
[SourceTitle "CBM 111 Extra"]
[Source "ChessBase"]
[SourceDate "2006.05.09"]
[SourceVersion "1"]
[SourceVersionDate "2006.05.09"]
[SourceQuality "1"]

1. c4 e6 2. Nc3 d5 3. d4 Nf6 4. Bg5 c6 5. e3 Nbd7 6. cxd5 exd5 7. Bd3 Be7 8. Qc2 0-0 9. Nf3 Re8 10. 0-0 h6 11. Bf4 Nh5 12. Nxd5 Nxf4 13. Nxf4 Bd6 14. Ne2 Nf6 15. e4 Bc7 16. h3 Qe7 17. Nc3 Nh5 18. e5 Nf4 19. Bf5 Qb4 20. Bxc8 Raxc8 21. a3 Qc4 22. Qd2 Ng6 23. Rac1 Rcd8 24. Qc2 Nf4 25. Rfd1 Bb6 26. Qf5 Ne6 27. d5 cxd5 28. g3 Qb3 29. Qc2 Qxc2 30. Rxc2 d4 31. Ne4 Re7 32. Rd3 Rc7 33. Rxc7 Bxc7 34. Kf1 Rd5 35. Ned2 Bxe5 36. Nxe5 Rxe5 37. Nf3 Re4 38. Nd2 Re5 39. Nf3 Rb5 40. b4 a5 41. bxa5 Rxa5 42. Ke2 Nc5 43. Rxd4 Rxa3 44. Rc4 b6 45. Rb4 Rb3 46. Rxb3 Nxb3 47. Kd3 0-1

[Event "Schaumburg IM-C"]
[Site "Schaumburg"]
[Date "2006.04.19"]
[Round "4"]
[White "Hernandez Guerrero, Gilberto Eduardo"]
[Black "Chow, Albert"]
[Result "1-0"]
[WhiteElo "2530"]
[BlackElo "2220"]
[PlyCount "76"]
[EventDate "2006.04.18"]
[EventType "tourn"]
[EventRounds "9"]
[EventCountry "USA"]
[EventCategory "3"]
[SourceTitle "CBM 111 Extra"]
[Source "ChessBase"]
[SourceDate "2006.05.09"]
[SourceVersion "1"]
[SourceVersionDate "2006.05.09"]
[SourceQuality "1"]

1. e4 c5 2. Nf3 d6 3. Bb5+ Bd7 4. Bxd7+ Qxd7 5. 0-0 Nf6 6. Re1 Nc6 7. c3 e6 8. d3 Be7 9. Bg5 h6 10. Bh4 0-0 11. Nbd2 Rac8 12. Nf1 Rfd8 13. Qe2 b5 14. Rad1 a6 15. h3 Nh5 16. Bg3 Nxg3 17. Nxg3 d5 18. b3 dxe4 19. dxe4 Qc7 20. c4 Qa5 21. Nh5 Rxd1 22. Rxd1 Rd8 23. Rxd8+ Nxd8 24. e5 bxc4 25. bxc4 Nc6 26. Qe4 Nb4 27. Qg4 Bf8 28. Nf6+ Kh8 29. Ng5 Qc7 30. Qe4 g6 31. Qa8 Qe7 32. Nge4 Nxa2 33. Qxa6 Nb4 34. Qc8 Nd3 35. Nd7 Kg7 36. Kf1 g5 37. g3 Nb2 38. Nd6 Nd3 1-0

[Event "Minneapolis HB Global op"]
[Site "Minneapolis"]
[Date "2005.05.18"]
[Round "1"]
[White "Chow, Albert"]
[Black "Stripunsky, Alexander"]
[Result "0-1"]
[WhiteElo "2239"]
[BlackElo "2565"]
[PlyCount "86"]
[EventDate "2005.05.18"]
[EventType "swiss"]
[EventRounds "9"]
[EventCountry "USA"]
[SourceTitle "CBM 107"]
[Source "ChessBase"]
[SourceDate "2005.08.01"]
[SourceVersion "1"]
[SourceVersionDate "2005.08.01"]
[SourceQuality "1"]

1. d4 d5 2. c4 c6 3. Nf3 Nf6 4. Nc3 e6 5. Bg5 h6 6. Bh4 dxc4 7. e4 g5 8. Bg3 b5 9. Be2 Bb7 10. h4 g4 11. Ne5 Nbd7 12. Nxg4 Rg8 13. Nxf6+ Qxf6 14. 0-0 0-0-0 15. e5 Qf5 16. Qb1 Nb6 17. Rd1 Qxb1 18. Raxb1 c5 19. Nxb5 cxd4 20. Rbc1 a6 21. Nd6+ Bxd6 22. exd6 Rxg3 23. fxg3 Rxd6 24. Bxc4 Kd7 25. Bb3 f6 26. Rc5 e5 27. a4 Nd5 28. Bxd5 Bxd5 29. Rd2 Bb3 30. Rc1 e4 31. a5 e3 32. Rd3 Ba4 33. Rc5 Bb5 34. Rxb5 axb5 35. Kf1 Kc6 36. Ke2 Kd5 37. Ra3 Ke4 38. a6 d3+ 39. Kd1 Rc6 40. Ra1 e2+ 41. Kd2 Rc2+ 42. Ke1 Ke3 43. a7 d2# 0-1

[Event "World op 27th"]
[Site "Philadelphia"]
[Date "1999.07.04"]
[Round "7"]
[White "Chow, Albert"]
[Black "Ardaman, Miles"]
[Result "1-0"]
[WhiteElo "2290"]
[BlackElo "2351"]
[PlyCount "85"]
[EventDate "1999.06.27"]
[EventType "swiss"]
[EventRounds "9"]
[EventCountry "USA"]
[SourceTitle "EXT 2000"]
[Source "ChessBase"]
[SourceDate "1999.11.16"]
[SourceVersion "1"]
[SourceVersionDate "1999.11.16"]
[SourceQuality "1"]

1. e4 Nc6 2. d4 d5 3. Nc3 Nf6 4. e5 Nd7 5. Nce2 Nb6 6. Nf4 g5 7. Nh5 Rg8 8. c3 Bf5 9. Ng3 Be6 10. Bd3 h6 11. N1e2 Qd7 12. 0-0 0-0-0 13. f4 gxf4 14. Nxf4 Bg4 15. Qe1 h5 16. Nfxh5 Kb8 17. Rxf7 Qe8 18. Rh7 Rc8 19. Nf4 Nd8 20. e6 Qc6 21. h3 Bd1 22. Nf5 Bf3 23. Qf1 Be4 24. Bb5 Qxb5 25. Qxb5 Bxf5 26. Rh5 Be4 27. g4 Bg7 28. Qe2 c5 29. dxc5 Rxc5 30. Be3 Ra5 31. Bd4 Bxd4+ 32. cxd4 Nc6 33. Qd1 Rf8 34. Ng2 Ra4 35. Ne3 Rxd4 36. Qe2 Bd3 37. Qh2+ Ka8 38. Rd1 a5 39. Nf5 Bxf5 40. Rxd4 Nxd4 41. Qf2 Nc4 42. Qxd4 Be4 43. Rh8 1-0

[Event "World op 26th"]
[Site "Philadelphia"]
[Date "1998.07.01"]
[Round "5"]
[White "Chow, Albert"]
[Black "Friedman, Josef"]
[Result "1-0"]
[WhiteElo "2330"]
[BlackElo "2210"]
[PlyCount "81"]
[EventDate "1998.06.27"]
[EventType "swiss"]
[EventRounds "9"]
[EventCountry "USA"]
[SourceTitle "EXT 1999"]
[Source "ChessBase"]
[SourceDate "1998.11.16"]
[SourceVersion "1"]
[SourceVersionDate "1998.11.16"]
[SourceQuality "1"]

1. d4 Nf6 2. c4 e6 3. Nf3 c5 4. d5 exd5 5. cxd5 d6 6. Nc3 g6 7. e4 Bg7 8. Be2 a6 9. a4 Bg4 10. 0-0 0-0 11. Bf4 Qe7 12. Nd2 Bxe2 13. Qxe2 Nbd7 14. Nc4 Ne8 15. Rfe1 Ne5 16. a5 h5 17. h3 Rb8 18. Na4 Nc7 19. Nxe5 Bxe5 20. Bxe5 Qxe5 21. Nb6 Rbd8 22. b4 cxb4 23. Qc4 Nb5 24. Qxb4 h4 25. Rac1 Qg5 26. Rc2 Rfe8 27. Rce2 Re7 28. Qb2 Rde8 29. Nc4 Rc8 30. Nd2 Rc3 31. Re3 Rec7 32. Nf3 Qf6 33. Rxc3 Nxc3 34. Qb6 Qd8 35. Nxh4 Qe7 36. Nf3 Nxe4 37. Nd2 f5 38. Nxe4 fxe4 39. Qd4 Rc5 40. Rxe4 Qg7 41. Re8+ 1-0

[Event "World op 26th"]
[Site "Philadelphia"]
[Date "1998.06.29"]
[Round "3"]
[White "Chow, Albert"]
[Black "Andrews, Todd D"]
[Result "0-1"]
[WhiteElo "2330"]
[BlackElo "2145"]
[PlyCount "30"]
[EventDate "1998.06.27"]
[EventType "swiss"]
[EventRounds "9"]
[EventCountry "USA"]
[SourceTitle "EXT 1999"]
[Source "ChessBase"]
[SourceDate "1998.11.16"]
[SourceVersion "1"]
[SourceVersionDate "1998.11.16"]
[SourceQuality "1"]

1. e4 e6 2. d4 d5 3. Nd2 Nf6 4. e5 Nfd7 5. c3 c5 6. Bd3 Nc6 7. Ne2 Qb6 8. Nf3 cxd4 9. cxd4 f6 10. exf6 Nxf6 11. 0-0 Bd6 12. Nc3 Bd7 13. a3 Nxd4 14. Nxd4 Qxd4 15. Bg6+ hxg6 0-1

[Event "Toronto op"]
[Site "Toronto"]
[Date "1998.05.17"]
[Round "6"]
[White "Hergott, Deen"]
[Black "Chow, Albert"]
[Result "1-0"]
[WhiteElo "2365"]
[BlackElo "2330"]
[PlyCount "45"]
[EventDate "1998.05.14"]
[EventType "swiss"]
[EventRounds "9"]
[EventCountry "CAN"]
[SourceTitle "CBM 065 Extra"]
[Source "ChessBase"]
[SourceDate "1998.09.09"]
[SourceVersion "1"]
[SourceVersionDate "1998.09.09"]
[SourceQuality "1"]

1. Nf3 c5 2. c4 Nf6 3. Nc3 e6 4. g3 b6 5. Bg2 Bb7 6. 0-0 Be7 7. d4 cxd4 8. Qxd4 0-0 9. Rd1 Nc6 10. Qf4 Qb8 11. b3 Rd8 12. Bb2 Qxf4 13. gxf4 d6 14. Nd4 Rac8 15. f5 Nxd4 16. Bxb7 Rc7 17. fxe6 fxe6 18. Bg2 Nc6 19. Nb5 Rcc8 20. Bxc6 Rxc6 21. Nd4 Rcc8 22. Nxe6 Re8 23. e3 1-0